| 000 | 00793nam a22002297a 4500 | ||
|---|---|---|---|
| 005 | 20140313100405.0 | ||
| 008 | 131216b xxu||||| |||| 00| 0 eng d | ||
| 020 | _a9781606491102 | ||
| 050 |
_a HD 30.28 _b.Se467 2009 |
||
| 100 | _aSellars, David. | ||
| 245 |
_aBusiness plan project : _ba step-by-step guide to writing a business plan / _cDavid Sellars. |
||
| 260 |
_aNew York, NY : _bBusiness Expert Press, _c2009. |
||
| 300 |
_axv, 103 p. : _bill. ; _c23 cm. |
||
| 440 | _aEntrepreneurship and small business management collection. | ||
| 504 | _aIncludes Index. | ||
| 521 | _aBSBA | ||
| 650 |
_aBusiness planning _xHandbooks, manuals, etc. |
||
| 650 | _aBUSINESS & ECONOMICS / Strategic Planning. | ||
| 650 | _aFinancial plan. | ||
| 942 |
_2lcc _cBK _kFOR |
||
| 999 |
_c25811 _d25811 |
||